000 00328nam a22001217a 4500
020 _a0471149314
082 _222
_a658.4038
100 _aThomsen, Erit.
245 _aOlap solutoins :
_bbuilding multidimensional systems /
260 _aCanada,
_bJohn Wiley and Sons,
_cc1997.
300 _axxxii, 576 p. ;
_bill. ;
942 _2ddc
_cIT
999 _c3904
_d3904